[Event "IND-ch U15"]
[Site "Mumbai"]
[Date "2023.11.19"]
[Round "5"]
[White "Agraval, Shravana"]
[Black "Sachi, Rahul Kulkarni"]
[Result "1-0"]
[WhiteElo "1217"]
[BlackElo "1076"]
[PlyCount "55"]
[EventDate "2023.11.15"]
[EventType "swiss"]
[EventRounds "7"]
[EventCountry "IND"]
[SourceTitle "CB49_2023"]
[SourceDate "2023.12.06"]
[SourceVersion "1"]
[SourceVersionDate "2023.12.06"]
[SourceQuality "1"]

1. d4 d5 2. Bf4 Bf5 3. e3 c6 4. Nf3 e6 5. Bd3 Nf6 6. Ne5 Bxd3 7. Qxd3 Bd6 8. Nd2 Bc7 9. 0-0-0 Nbd7 10. Qe2 Nxe5 11. Bxe5 Bxe5 12. dxe5 Nd7 13. f4 Qb6 14. e4 Nc5 15. exd5 cxd5 16. Rhf1 Na4 17. Nb3 0-0 18. Qh5 Qe3+ 19. Kb1 Rac8 20. Qf3 Qb6 21. f5 Qc7 22. Qe2 Qb6 23. f6 g6 24. Qd2 Kh8 25. Qh6 Rg8 26. Rf3 Qc7 27. Qxh7+ Kxh7 28. Rh3# 1-0